00497nam a2200193 a 4500001001300000003000900013005001700022008004100039020002300080082001300103100001900116245002800135260003500163300000900198500003500207505001000242650003200252700001900284nice12345678IN_TiNIC20260116013918.0050524s1994 newa grp 000 0 eng  a0679541 c62400a307bSAI aSaid, Edward W aCulture and Imperialism aNew YorkbVintage Books c1994 a380p aincludes index and biblioraphy2 aIndex aIntercultural Communication1 aSaid, Edward W